[Event "Olympiad-44"]
[Site "Chennai"]
[Date "2022.08.09"]
[Round "11.1"]
[White "Traore, Bakary"]
[Black "Moncur, Cecil"]
[Result "1/2-1/2"]
[WhiteElo "2181"]
[BlackElo "1815"]
[PlyCount "206"]
[EventDate "2022.07.29"]
[EventType "team-swiss"]
[EventRounds "11"]
[EventCountry "IND"]
[SourceTitle "CBM 210"]
[Source "ChessBase"]
[SourceDate "2022.10.31"]
[SourceVersion "1"]
[SourceVersionDate "2022.10.31"]
[SourceQuality "1"]
[WhiteTeam "Mali"]
[BlackTeam "Bahamas"]
[WhiteTeamCountry "MLI"]
[BlackTeamCountry "BAH"]

1. e4 c5 2. Nf3 e6 3. Nc3 Nc6 4. d4 cxd4 5. Nxd4 Nf6 6. Ndb5 Bb4 7. Bf4 e5 8. Bg5 0-0 9. a3 Be7 10. Bxf6 Bxf6 11. Nd6 Nd4 12. Nd5 Be7 13. Nxc8 Rxc8 14. c3 Nc6 15. Be2 d6 16. 0-0 Nb8 17. Qc2 Nd7 18. Bg4 Rc6 19. Bxd7 Qxd7 20. Rad1 Qe6 21. h3 g6 22. Qb3 Rb6 23. Qc2 Rc6 24. Qe2 a6 25. Qg4 f5 26. exf5 Rxf5 27. Ne3 Rf6 28. Qxe6+ Rxe6 29. Rfe1 Kf7 30. Kf1 Bd8 31. Nd5 Bb6 32. Re4 Bd8 33. Ke2 g5 34. g4 Rg6 35. Rb4 b6 36. Re4 Ke6 37. Nb4 Rc8 38. Nxa6 d5 39. Re3 Bf6 40. Nb4 Rc5 41. Kf3 e4+ 42. Kg2 Be5 43. f3 Bf4 44. Re2 e3 45. Nc2 Kf7 46. Nxe3 Re6 47. Kf2 h5 48. Nxd5 Rd6 49. c4 hxg4 50. fxg4 b5 51. Rde1 Rxc4 52. Re7+ Kg6 53. R1e6+ Rxe6 54. Rxe6+ Kf7 55. Rf6+ Kg7 56. Rf5 Rc2+ 57. Kf3 Rxb2 58. Nxf4 Rb3+ 59. Kg2 gxf4 60. Rxf4 Rxa3 61. Rb4 Ra5 62. Kg3 Kg6 63. Kh4 Kh6 64. Rb3 Kg6 65. Kg3 Kh6 66. h4 Kg6 67. Kf3 Kf6 68. Rb4 Ra3+ 69. Ke4 Rh3 70. Rxb5 Rxh4 71. Kf4 Rh1 72. Rb6+ Kg7 73. Kg5 Rg1 74. Rb7+ Kg8 75. Kh5 Rc1 76. Rb6 Kg7 77. Rg6+ Kh7 78. Ra6 Kg7 79. Ra7+ Kg8 80. g5 Rc6 81. Re7 Ra6 82. Kg4 Kf8 83. Rd7 Kg8 84. Kf5 Ra5+ 85. Kg6 Ra6+ 86. Kh5 Rb6 87. g6 Rb1 88. Rd8+ Kg7 89. Rd7+ Kg8 90. Rd5 Rh1+ 91. Kg5 Rg1+ 92. Kf6 Rf1+ 93. Rf5 Rxf5+ 94. Kxf5 Kg7 95. Kg5 Kg8 96. Kf4 Kg7 97. Kf5 Kg8 98. Kf6 Kf8 99. Kg5 Kg7 100. Kh5 Kg8 101. Kg5 Kg7 102. Kf5 Kg8 103. Kf6 Kf8 1/2-1/2

[Event "Olympiad-44"]
[Site "Chennai"]
[Date "2022.07.29"]
[Round "1.1"]
[White "Gazik, Viktor"]
[Black "Traore, Bakary"]
[Result "1-0"]
[WhiteElo "2544"]
[BlackElo "2181"]
[PlyCount "41"]
[EventDate "2022.07.29"]
[EventType "team-swiss"]
[EventRounds "11"]
[EventCountry "IND"]
[SourceTitle "CBM 210"]
[Source "ChessBase"]
[SourceDate "2022.10.31"]
[SourceVersion "1"]
[SourceVersionDate "2022.10.31"]
[SourceQuality "1"]
[WhiteTeam "Slovakia"]
[BlackTeam "Mali"]
[WhiteTeamCountry "SVK"]
[BlackTeamCountry "MLI"]

1. e4 e5 2. Nf3 Nf6 3. d4 Nxe4 4. dxe5 d5 5. Nbd2 Nc6 6. Bb5 Bd7 7. 0-0 Nxe5 8. Nxe5 Bxb5 9. c4 Nxd2 10. Bxd2 dxc4 11. Qf3 f6 12. Rfe1 fxe5 13. Rxe5+ Be7 14. Bb4 Bc6 15. Qf5 Qd3 16. Rxe7+ Kd8 17. Qe5 Bd7 18. Qxg7 Re8 19. Rae1 c5 20. Rxe8+ Bxe8 21. Qxb7 1-0

[Event "Online Olym Base B"]
[Site "Chess.com INT"]
[Date "2020.07.26"]
[Round "4.4"]
[White "Traore, Bakary"]
[Black "Nezad, Husein Aziz"]
[Result "1-0"]
[WhiteElo "2181"]
[BlackElo "2386"]
[PlyCount "43"]
[EventDate "2020.07.25"]
[EventType "team-tourn (rapid)"]
[EventRounds "9"]
[EventCountry "USA"]
[SourceTitle "CBM 198"]
[Source "ChessBase"]
[SourceDate "2020.10.31"]
[SourceVersion "1"]
[SourceVersionDate "2020.10.31"]
[SourceQuality "1"]
[WhiteTeam "Mali"]
[BlackTeam "Qatar"]
[WhiteTeamCountry "MLI"]
[BlackTeamCountry "QAT"]

1. e4 e5 2. Nf3 Nc6 3. Bb5 Nge7 4. 0-0 g6 5. c3 a6 6. Ba4 Bg7 7. d4 exd4 8. cxd4 b5 9. Bc2 d6 10. h3 0-0 11. Nc3 Bb7 12. Re1 Nb4 13. Bb1 c5 14. d5 Re8 15. Qd2 h6 16. a3 Qa5 17. Na2 f5 18. axb4 cxb4 19. Nd4 fxe4 20. Bxe4 Nf5 21. Bxf5 gxf5 22. Nxf5 1-0

[Event "Africa-ch Blitz"]
[Site "Casablanca"]
[Date "2019.08.28"]
[Round "3.17"]
[White "Sang, Ricky"]
[Black "Traore, Bakary"]
[Result "0-1"]
[WhiteElo "1825"]
[BlackElo "2083"]
[PlyCount "96"]
[EventDate "2019.08.28"]
[EventType "swiss (blitz)"]
[EventRounds "9"]
[EventCountry "MAR"]
[SourceTitle "EXT 2024"]
[Source "ChessBase"]
[SourceDate "2023.10.10"]
[SourceVersion "1"]
[SourceVersionDate "2023.10.10"]
[SourceQuality "1"]

1. d4 Nf6 2. Bf4 g6 3. Nc3 Bg7 4. e4 d6 5. Bd3 0-0 6. Qd2 Nbd7 7. 0-0-0 e5 8. dxe5 dxe5 9. Bg5 c6 10. Kb1 Qc7 11. Bh6 Nc5 12. Bxg7 Kxg7 13. Qe2 b5 14. Qe3 Ne6 15. f3 a6 16. h4 Nf4 17. g3 Nxd3 18. Rxd3 Be6 19. g4 h5 20. gxh5 Nxh5 21. Nh3 Bxh3 22. Rxh3 Qe7 23. Rh1 Rfd8 24. Rhd1 Rxd3 25. Qxd3 Qxh4 26. Qd6 Qf6 27. Qc5 Rh8 28. a3 Ng3 29. Rd6 Qf4 30. Qxc6 Rh1+ 31. Ka2 Qxf3 32. Nd5 Qxe4 33. Nc3 Qc4+ 34. Qxc4 bxc4 35. Rxa6 f5 36. Rc6 Rc1 37. Rxc4 Rxc2 38. a4 e4 39. a5 e3 40. a6 e2 41. Nxe2 Rxc4 42. Nxg3 Ra4+ 43. Kb3 Rxa6 44. Kc4 Rc6+ 45. Kd5 Rb6 46. Ne2 Rxb2 47. Nd4 Rd2 48. Ke5 Rxd4 0-1

[Event "African-ch rapid"]
[Site "Casablanca"]
[Date "2019.08.27"]
[Round "8"]
[White "Espirito Santo, Waldyr"]
[Black "Traore, Bakary"]
[Result "0-1"]
[WhiteElo "1923"]
[BlackElo "2189"]
[PlyCount "74"]
[EventDate "2019.08.26"]
[EventType "swiss (rapid)"]
[EventRounds "9"]
[EventCountry "MAR"]
[SourceTitle "EXT 2020"]
[Source "ChessBase"]
[SourceDate "2019.10.17"]
[SourceVersion "1"]
[SourceVersionDate "2019.10.17"]
[SourceQuality "1"]

1. e4 e5 2. Nf3 Nf6 3. Nc3 Nc6 4. Bb5 Nd4 5. Nxd4 exd4 6. Ne2 Nxe4 7. d3 Nd6 8. Ba4 Nf5 9. 0-0 Be7 10. Bf4 0-0 11. Qd2 d5 12. Rae1 c6 13. c3 Bf6 14. Bb3 h6 15. h3 a5 16. Bd1 Be6 17. Kh1 Bg5 18. cxd4 Qf6 19. Bxg5 hxg5 20. f4 g4 21. hxg4 Qh4+ 22. Kg1 Qxg4 23. Rf3 Rfe8 24. Kf2 Qh4+ 25. Kg1 Nh6 26. Re3 Ng4 27. Rg3 Bf5 28. Rxg4 Bxg4 29. g3 Qh3 30. b3 Re7 31. Rf1 Bxe2 32. Bxe2 Qxg3+ 33. Kh1 Re6 34. Bh5 Rh6 35. Qh2 Qxh2+ 36. Kxh2 Rxh5+ 37. Kg3 Re8 0-1

[Event "African-ch rapid"]
[Site "Casablanca"]
[Date "2019.08.26"]
[Round "5"]
[White "Traore, Bakary"]
[Black "Mwale, Joseph"]
[Result "0-1"]
[WhiteElo "2189"]
[BlackElo "2231"]
[PlyCount "62"]
[EventDate "2019.08.26"]
[EventType "swiss (rapid)"]
[EventRounds "9"]
[EventCountry "MAR"]
[SourceTitle "EXT 2020"]
[Source "ChessBase"]
[SourceDate "2019.10.17"]
[SourceVersion "1"]
[SourceVersionDate "2019.10.17"]
[SourceQuality "1"]

1. e4 e5 2. Nf3 Nc6 3. Bb5 a6 4. Ba4 Nf6 5. 0-0 b5 6. Bb3 Be7 7. Re1 0-0 8. c3 d5 9. exd5 Nxd5 10. Nxe5 Nxe5 11. Rxe5 Nf6 12. d4 Bd6 13. Re1 Ng4 14. h3 Qh4 15. Qf3 Nxf2 16. Rf1 Nxh3+ 17. gxh3 Bxh3 18. Bf4 Bxf1 19. Bxd6 cxd6 20. Kxf1 Rae8 21. Nd2 Re6 22. Qg2 Rg6 23. Nf3 Qh5 24. Qf2 Qh1+ 25. Ng1 Rf6 26. Qxf6 gxf6 27. Re1 Kh8 28. Kf2 Qh2+ 29. Kf3 Rg8 30. Ne2 Qh3+ 31. Ke4 Qh4+ 0-1

[Event "Africa-chT rapid"]
[Site "Casablanca"]
[Date "2019.08.24"]
[Round "1.7"]
[White "Traore, Bakary"]
[Black "Boudriga, Mohamed Ali"]
[Result "0-1"]
[WhiteElo "2189"]
[BlackElo "2325"]
[PlyCount "118"]
[EventDate "2019.08.24"]
[EventType "team-swiss (rapid)"]
[EventRounds "9"]
[EventCountry "MAR"]
[SourceTitle "EXT 2020"]
[Source "ChessBase"]
[SourceDate "2019.10.17"]
[SourceVersion "1"]
[SourceVersionDate "2019.10.17"]
[SourceQuality "1"]
[WhiteTeam "Mali"]
[BlackTeam "Tunisia"]
[WhiteTeamCountry "MLI"]
[BlackTeamCountry "TUN"]

1. e4 e5 2. Nf3 d6 3. d4 exd4 4. Nxd4 Nf6 5. Nc3 Be7 6. Be2 0-0 7. 0-0 Nc6 8. Be3 Re8 9. Re1 Bf8 10. Bg5 h6 11. Bxf6 Qxf6 12. Ndb5 Qd8 13. Nd5 Rxe4 14. Nbxc7 Rb8 15. Nb5 Be6 16. Ndc3 Re5 17. Nd4 Bd7 18. Nf3 Re8 19. Nd5 Be6 20. c3 Qa5 21. Nf4 Qb6 22. Qd2 d5 23. Rad1 Rbd8 24. h3 d4 25. Nxe6 Rxe6 26. a3 dxc3 27. Qxc3 Bc5 28. Rxd8+ Nxd8 29. Bc4 Bxf2+ 30. Kh1 Bxe1 31. Nxe1 Rd6 32. Nf3 Rd1+ 33. Kh2 Qd6+ 34. g3 Ne6 35. Kg2 Qc6 36. Kf2 b5 37. Bxe6 Qxc3 38. Bxf7+ Kxf7 39. bxc3 Rc1 40. Nd4 a6 41. Ne2 Ra1 42. Ke3 Rxa3 43. Kd4 Ra2 44. Nf4 Ra4+ 45. Kc5 Rc4+ 46. Kb6 Rxc3 47. Kxa6 b4 48. Kb5 b3 49. Kb4 b2 50. Kxc3 b1Q 51. Kd2 Qg1 52. Ne2 Qg2 53. h4 Kf6 54. Ke3 g5 55. hxg5+ hxg5 56. Kd2 Ke5 57. Ke3 g4 58. Kd3 Qf2 59. Kd2 Ke4 0-1

[Event "Olympiad-43"]
[Site "Batumi"]
[Date "2018.10.05"]
[Round "11.1"]
[White "Ali Abdullahi, Farah"]
[Black "Traore, Bakary"]
[Result "0-1"]
[WhiteElo "2000"]
[BlackElo "2169"]
[PlyCount "44"]
[EventDate "2018.09.24"]
[EventType "team-swiss"]
[EventRounds "11"]
[EventCountry "GEO"]
[SourceTitle "CBM 187"]
[Source "ChessBase"]
[SourceDate "2018.12.11"]
[SourceVersion "1"]
[SourceVersionDate "2018.12.11"]
[SourceQuality "1"]
[WhiteTeam "Somalia"]
[BlackTeam "Mali"]
[WhiteTeamCountry "SOM"]
[BlackTeamCountry "MLI"]

1. d4 Nf6 2. c4 g6 3. Nc3 Bg7 4. e4 d6 5. f3 0-0 6. Be3 e5 7. d5 Ne8 8. g4 f5 9. gxf5 gxf5 10. exf5 Bxf5 11. Bd3 Qh4+ 12. Bf2 Qh5 13. Ne4 Bxe4 14. Bxe4 Nd7 15. Ne2 Nc5 16. Ng3 Qh3 17. Bc2 e4 18. Nxe4 Nxe4 19. Bxe4 Nf6 20. Bd3 Rae8+ 21. Kd2 Ng4 22. Bg3 Qh6+ 0-1

[Event "Olympiad-43"]
[Site "Batumi"]
[Date "2018.10.04"]
[Round "10.1"]
[White "Weldegebriel Beraki, Kibrom"]
[Black "Traore, Bakary"]
[Result "0-1"]
[WhiteElo "1723"]
[BlackElo "2169"]
[PlyCount "94"]
[EventDate "2018.09.24"]
[EventType "team-swiss"]
[EventRounds "11"]
[EventCountry "GEO"]
[SourceTitle "CBM 187"]
[Source "ChessBase"]
[SourceDate "2018.12.11"]
[SourceVersion "1"]
[SourceVersionDate "2018.12.11"]
[SourceQuality "1"]
[WhiteTeam "Eritrea"]
[BlackTeam "Mali"]
[WhiteTeamCountry "ERI"]
[BlackTeamCountry "MLI"]

1. d4 Nf6 2. c4 g6 3. Nc3 Bg7 4. e4 d6 5. Nf3 0-0 6. Be2 e5 7. d5 Nbd7 8. Bg5 a5 9. Qc1 Nc5 10. 0-0 Qd7 11. Nd2 h6 12. Be3 b6 13. f3 Kh7 14. a3 a4 15. Qc2 Nh5 16. Rfd1 Bf6 17. Nb5 Bg5 18. Nf1 Bxe3+ 19. Nxe3 Qd8 20. Bf1 Bd7 21. Re1 Kg7 22. Rad1 f5 23. exf5 gxf5 24. Qc3 f4 25. Nc2 Kh8 26. Nb4 Bxb5 27. cxb5 Rf7 28. Nc6 Qf6 29. Rd2 Re8 30. Rde2 Ng7 31. Nd4 Rg8 32. Nc2 Nf5 33. Rf2 Rfg7 34. Qd2 Qh4 35. Bd3 Nxd3 36. Qxd3 Rg5 37. Kf1 Qxh2 38. Ke2 Rxg2 39. Rxg2 Rxg2+ 40. Kd1 Rxc2 41. Qxc2 Ne3+ 42. Rxe3 Qxc2+ 43. Kxc2 fxe3 44. Kd3 Kg7 45. Kxe3 Kf6 46. Kf2 Kf5 47. Kg3 Kg5 0-1

[Event "Olympiad-43"]
[Site "Batumi"]
[Date "2018.10.02"]
[Round "8.1"]
[White "Nezad, Husein Aziz"]
[Black "Traore, Bakary"]
[Result "1-0"]
[WhiteElo "2412"]
[BlackElo "2169"]
[PlyCount "163"]
[EventDate "2018.09.24"]
[EventType "team-swiss"]
[EventRounds "11"]
[EventCountry "GEO"]
[SourceTitle "CBM 187"]
[Source "ChessBase"]
[SourceDate "2018.12.11"]
[SourceVersion "1"]
[SourceVersionDate "2018.12.11"]
[SourceQuality "1"]
[WhiteTeam "Qatar"]
[BlackTeam "Mali"]
[WhiteTeamCountry "QAT"]
[BlackTeamCountry "MLI"]

1. d4 Nf6 2. Nf3 g6 3. Nbd2 d5 4. e3 Bg7 5. c4 c6 6. b4 0-0 7. Bb2 Nbd7 8. Be2 dxc4 9. Nxc4 Nb6 10. Na5 Rb8 11. 0-0 Bf5 12. a3 h6 13. Rc1 Qd6 14. Nd2 h5 15. Re1 Bh6 16. Bf3 Bg4 17. h3 Bxf3 18. Nxf3 Ne4 19. Qc2 Qd5 20. Ne5 Bg7 21. Rcd1 Nf6 22. e4 Qd8 23. Nd3 Nfd7 24. Bc1 Qc7 25. Bf4 e5 26. Bg3 f6 27. Re2 Rbc8 28. Qb3+ Kh7 29. Rc2 Qb8 30. Nc5 f5 31. exf5 gxf5 32. Qf3 f4 33. Qxh5+ Kg8 34. Bh4 Nxc5 35. dxc5 Nd5 36. Nc4 Rc7 37. Nxe5 Qc8 38. Nf3 Qe8 39. Qg4 Qe4 40. Rcd2 Qf5 41. Qxf5 Rxf5 42. Rd3 Rc8 43. Nd2 a5 44. Nc4 Rh5 45. g3 axb4 46. axb4 Rc7 47. Rb1 Bf8 48. Kg2 Rg7 49. Kh2 Rf7 50. Rd2 fxg3+ 51. fxg3 Rhf5 52. g4 Rf4 53. Nd6 Rh7 54. Bg3 Rxg4 55. b5 Nf4 56. Bxf4 Rxf4 57. bxc6 bxc6 58. Rb8 Rf3 59. Rg2+ Rg7 60. Rc8 Rxg2+ 61. Kxg2 Rc3 62. Ne4 Rc2+ 63. Kf3 Kf7 64. Rxc6 Be7 65. Kg4 Rg2+ 66. Kf5 Rh2 67. Rc7 Kf8 68. Rc8+ Kf7 69. c6 Rxh3 70. c7 Rh5+ 71. Kf4 Rh4+ 72. Ke3 Rh2 73. Ra8 Rc2 74. c8Q Rxc8 75. Rxc8 Ke6 76. Kd4 Ba3 77. Rc6+ Kd7 78. Kd5 Bb4 79. Rb6 Ba3 80. Rb7+ Ke8 81. Ke6 Kd8 82. Nd6 1-0

[Event "Olympiad-43"]
[Site "Batumi"]
[Date "2018.09.24"]
[Round "1.49"]
[White "Traore, Bakary"]
[Black "Jurcik, Marian"]
[Result "1/2-1/2"]
[WhiteElo "2169"]
[BlackElo "2451"]
[PlyCount "182"]
[EventDate "2018.09.24"]
[EventType "team-swiss"]
[EventRounds "11"]
[EventCountry "GEO"]
[SourceTitle "CBM 187"]
[Source "ChessBase"]
[SourceDate "2018.12.11"]
[SourceVersion "1"]
[SourceVersionDate "2018.12.11"]
[SourceQuality "1"]
[WhiteTeam "Mali"]
[BlackTeam "Slovakia"]
[WhiteTeamCountry "MLI"]
[BlackTeamCountry "SVK"]

1. e4 c5 2. Nf3 Nc6 3. d4 cxd4 4. Nxd4 e6 5. Nc3 Nf6 6. Be2 Bb4 7. Nxc6 bxc6 8. 0-0 d5 9. exd5 cxd5 10. Qd4 Be7 11. Bf4 0-0 12. Nb5 Ba6 13. Be5 g6 14. c4 Bxb5 15. cxb5 Nd7 16. Bf4 Re8 17. Bf3 Bf6 18. Qd2 Nb6 19. Rab1 e5 20. Bg3 Bg5 21. Qb4 f5 22. h3 e4 23. Be2 f4 24. Bh2 d4 25. a4 d3 26. Bd1 Qe7 27. Qb3+ Kg7 28. f3 e3 29. Qxd3 e2 30. Bxe2 Qxe2 31. Qd4+ Qe5 32. Rfd1 Bf6 33. Qxe5 Bxe5 34. b3 Rad8 35. Kf1 Nd5 36. Bg1 Ne3+ 37. Bxe3 fxe3 38. Ke2 Bf4 39. Rd3 Rxd3 40. Kxd3 e2 41. Re1 Re3+ 42. Kd4 Kf6 43. g3 Bxg3 44. Kxe3 Bxe1 45. Kxe2 Bg3 46. Kd3 Ke5 47. Kc4 Kd6 48. a5 Kc7 49. b4 Kb7 50. Kc5 Bf2+ 51. Kd5 g5 52. Kc4 Be3 53. Kd3 Bf4 54. Kc4 Bd6 55. Kb3 Be7 56. Ka4 Bd8 57. Kb3 Bc7 58. Ka4 Bb8 59. Kb3 Kc7 60. Kc4 Kd6 61. Kd4 Bc7 62. Ke4 Ke6 63. Kd4 Kd6 64. Kc4 Bb8 65. Kd4 h5 66. Ke4 Ke6 67. Kd4 Bh2 68. Kc5 Kd7 69. Kd5 Bg3 70. Kc5 Bd6+ 71. Kc4 Kc7 72. Kc3 Bf8 73. Kc4 Be7 74. Kc3 Bd6 75. Kc4 Bg3 76. Kb3 Bf2 77. Kc4 Kd6 78. b6 axb6 79. a6 b5+ 80. Kxb5 Kc7 81. Kc4 Kb6 82. b5 Bg1 83. Kb4 Bf2 84. Kc4 h4 85. Kd3 Kxb5 86. Ke2 Ba7 87. f4 gxf4 88. Kf3 Bb8 89. a7 Bxa7 90. Kxf4 Kc4 91. Kf3 Kd3 1/2-1/2

[Event "Bamako zt 4.1"]
[Site "Bamako"]
[Date "2018.06.23"]
[Round "4.2"]
[White "Traore, Bakary"]
[Black "Bengherabi, Khalil"]
[Result "1-0"]
[WhiteElo "2172"]
[BlackElo "2110"]
[PlyCount "161"]
[EventDate "2018.06.21"]
[EventType "swiss"]
[EventRounds "9"]
[EventCountry "MLI"]
[SourceTitle "EXT 2019"]
[Source "ChessBase"]
[SourceDate "2018.10.10"]
[SourceVersion "1"]
[SourceVersionDate "2018.10.10"]
[SourceQuality "1"]

1. e4 c5 2. Nf3 d6 3. d4 cxd4 4. Nxd4 Nf6 5. Nc3 g6 6. Be3 Bg7 7. f3 0-0 8. Qd2 Nc6 9. Bc4 Bd7 10. 0-0-0 Na5 11. Be2 Rc8 12. h4 h5 13. Bh6 Bxh6 14. Qxh6 Rxc3 15. bxc3 Qc7 16. Kb2 Rc8 17. Qe3 Qb6+ 18. Ka1 e5 19. Nf5 Qxe3 20. Nxe3 Rxc3 21. Rd3 Rc6 22. Rhd1 Ne8 23. Rd5 Rc3 24. R1d3 Rxd3 25. Rxd3 Nc6 26. Rd2 Nd4 27. Bd1 Kf8 28. Kb2 Ne6 29. Nd5 Bc6 30. c3 Bxd5 31. Rxd5 Nc5 32. Bc2 Ke7 33. Kc1 Ke6 34. Rd1 f5 35. Kd2 Nf6 36. Ke3 d5 37. exd5+ Nxd5+ 38. Kd2 e4 39. fxe4 fxe4 40. Bb3 e3+ 41. Kc2 Nxb3 42. axb3 Ke5 43. Kd3 Nf4+ 44. Kxe3 Nxg2+ 45. Kf2 Nxh4 46. Rd7 Nf5 47. Rxb7 Ke4 48. Rxa7 g5 49. Ra4+ Ke5 50. b4 Ne7 51. Ra5+ Kf4 52. b5 g4 53. Ra4+ Ke5 54. Rb4 Kd5 55. Kg3 Nf5+ 56. Kf4 Nd6 57. b6 Kc6 58. Kg3 Nf5+ 59. Kg2 Nd6 60. Kf2 Nb7 61. Kg3 Nc5 62. Kh4 Kb7 63. Rb5 Ne4 64. Rb3 Nd6 65. Rb4 Kc6 66. Kg3 Nf5+ 67. Kf4 Nd6 68. Rb1 Nb7 69. Kg5 g3 70. Kxh5 g2 71. Kg4 Nd6 72. Kf3 Nc4 73. b7 g1Q 74. b8N+ Kd5 75. Rxg1 Ne5+ 76. Ke2 Kc4 77. Rg3 Nf7 78. Kd2 Nd6 79. Rg4+ Kd5 80. Rd4+ Kc5 81. Rxd6 1-0

[Event "Africa zt 4.1"]
[Site "Hammamet"]
[Date "2015.03.31"]
[Round "8"]
[White "Traore, Bakary"]
[Black "Boudriga, Mohamed Ali"]
[Result "0-1"]
[WhiteElo "2178"]
[BlackElo "2269"]
[PlyCount "74"]
[EventDate "2015.03.26"]
[EventType "swiss"]
[EventRounds "9"]
[EventCountry "TUN"]
[SourceTitle "CBM 165 Extra"]
[Source "ChessBase"]
[SourceDate "2015.04.21"]
[SourceVersion "1"]
[SourceVersionDate "2015.04.21"]
[SourceQuality "1"]

1. e4 c5 2. Nf3 d6 3. d4 cxd4 4. Nxd4 Nf6 5. Nc3 a6 6. Bg5 e6 7. f4 Be7 8. Qf3 Nbd7 9. 0-0-0 Qc7 10. g4 b5 11. Bxf6 Nxf6 12. g5 Nd7 13. Bh3 b4 14. Nce2 Nc5 15. Ng3 g6 16. Kb1 e5 17. Bxc8 Rxc8 18. Nde2 Ne6 19. Rd2 exf4 20. Nxf4 Nxg5 21. Qg2 Bf6 22. Nd5 Qd8 23. h4 Ne6 24. Nxf6+ Qxf6 25. Rxd6 0-0 26. h5 Rfd8 27. Rxa6 Qd4 28. Rc1 Qd2 29. Qxd2 Rxd2 30. Ra4 Rb8 31. a3 b3 32. Rc4 Nd4 33. c3 Nc2 34. e5 Ra8 35. Ne4 Rxa3 36. Nf6+ Kg7 37. Rxc2 Ra1+ 0-1

[Event "Africa zt 4.1"]
[Site "Hammamet"]
[Date "2015.03.28"]
[Round "4"]
[White "Traore, Bakary"]
[Black "Haddouche, Mohamed Amine"]
[Result "0-1"]
[WhiteElo "2178"]
[BlackElo "2529"]
[PlyCount "94"]
[EventDate "2015.03.26"]
[EventType "swiss"]
[EventRounds "9"]
[EventCountry "TUN"]
[SourceTitle "CBM 165 Extra"]
[Source "ChessBase"]
[SourceDate "2015.04.21"]
[SourceVersion "1"]
[SourceVersionDate "2015.04.21"]
[SourceQuality "1"]

1. d4 Nf6 2. c4 c5 3. d5 e6 4. Nc3 exd5 5. cxd5 d6 6. e4 g6 7. Nf3 Bg7 8. Be2 0-0 9. 0-0 Re8 10. Nd2 a6 11. a4 Nbd7 12. Re1 b6 13. Qc2 Rb8 14. Nc4 Ne5 15. Nxe5 Rxe5 16. Bf4 Re8 17. Bf3 Qc7 18. Rad1 Nd7 19. Be2 Ne5 20. Bg3 c4 21. f4 Ng4 22. Bxg4 Bxg4 23. Rd2 b5 24. h3 Bd7 25. e5 Bf5 26. Ne4 dxe5 27. d6 Qc6 28. fxe5 Bxe5 29. d7 Bxd7 30. Bxe5 Rxe5 31. Rd6 Qxd6 32. Nxd6 Rxe1+ 33. Kf2 Re6 34. Qd2 Rb6 35. Nf5 Rf6 36. Qxd7 Rxf5+ 37. Ke3 Re6+ 38. Kd4 h5 39. axb5 axb5 40. g4 hxg4 41. hxg4 Rf4+ 42. Kc5 Re2 43. Kxb5 Rxb2+ 44. Kc5 Rg2 45. Qd8+ Kg7 46. g5 Rxg5+ 47. Qxg5 Rf5+ 0-1

[Event "Africa zt 4.1"]
[Site "Tipaza"]
[Date "2011.05.23"]
[Round "4"]
[White "Kaabi, Mejdi"]
[Black "Traore, Bakary"]
[Result "1-0"]
[WhiteElo "2327"]
[BlackElo "2139"]
[PlyCount "83"]
[EventDate "2011.05.21"]
[EventType "swiss"]
[EventRounds "9"]
[EventCountry "ALG"]
[SourceTitle "CBM 142 Extra"]
[Source "ChessBase"]
[SourceDate "2011.06.27"]
[SourceVersion "1"]
[SourceVersionDate "2011.06.27"]
[SourceQuality "1"]

1. d4 Nf6 2. Nf3 d5 3. c4 g6 4. cxd5 Nxd5 5. e4 Nf6 6. Nc3 Bg7 7. Be2 0-0 8. 0-0 c6 9. Bg5 Nbd7 10. a4 a5 11. Qd2 Nb6 12. h3 Be6 13. Ne5 Nfd7 14. Ng4 Bxg4 15. Bxg4 Nf6 16. Be2 Ne8 17. Rfd1 Nc7 18. Rac1 Ne6 19. Be3 Nc8 20. d5 cxd5 21. Nxd5 Nd6 22. Nxe7+ Qxe7 23. Qxd6 Qxd6 24. Rxd6 Bxb2 25. Rb1 Ba3 26. Rd7 Nc5 27. Bxc5 Bxc5 28. Rbxb7 Rad8 29. Rxd8 Rxd8 30. Bc4 Rd1+ 31. Kh2 Bxf2 32. Bxf7+ Kh8 33. e5 Re1 34. e6 Bc5 35. g4 g5 36. Rb5 Re5 37. Kg2 Kg7 38. Rxa5 Re2+ 39. Kf3 Rc2 40. Ra8 Kf6 41. Rc8 Rf2+ 42. Ke4 1-0

[Event "Africa zt 4.1"]
[Site "Tipaza"]
[Date "2011.05.22"]
[Round "3"]
[White "Belouadah, Saad"]
[Black "Traore, Bakary"]
[Result "1-0"]
[WhiteElo "2342"]
[BlackElo "2139"]
[PlyCount "67"]
[EventDate "2011.05.21"]
[EventType "swiss"]
[EventRounds "9"]
[EventCountry "ALG"]
[SourceTitle "CBM 142 Extra"]
[Source "ChessBase"]
[SourceDate "2011.06.27"]
[SourceVersion "1"]
[SourceVersionDate "2011.06.27"]
[SourceQuality "1"]

1. d4 Nf6 2. c4 g6 3. g3 d5 4. cxd5 Nxd5 5. Bg2 Bg7 6. e4 Nb6 7. d5 c6 8. Ne2 0-0 9. 0-0 cxd5 10. exd5 Na6 11. Nec3 Nc7 12. Bg5 h6 13. Bf4 Ne8 14. a4 Nd6 15. Na3 Bf5 16. Re1 Rc8 17. Qb3 Qd7 18. Nab5 Nxb5 19. axb5 Nc4 20. Rxa7 Nxb2 21. Ne4 g5 22. Bc1 Nc4 23. h4 gxh4 24. gxh4 Bxe4 25. Bxe4 Qg4+ 26. Bg2 Qxh4 27. Re4 Na5 28. Qd1 Qf6 29. Rxa5 Qc3 30. Bd2 Qd3 31. Rg4 b6 32. Rxg7+ Kxg7 33. Bxh6+ Kxh6 34. Qxd3 1-0